1948 1188 1486 1563 1545 1917 1710 1964 1712 1055 1389 1572 1075 1324 1295 1364 1473 1782 1313 1732 1013 1475 1690 1603 1651 1728 1538 1816 1376 1231 1475 1915 1148 1908 1041 1320 1287 1780 1233 1377 1040 1925 1404 1191 1881 1452 1018 1304 1063 1628 1852 1160 1743 1114 1321 1861 1597 1941 1525 1781 1555 1762 1600 1740 1278 1768 1315 1268 1868 1033 1875 1551 1679 1471 1623 1609 1486 1751 1437 1748 1858 1846 1443 1231 1496 1499 1158 1841 1541 1040 1564 1342 1021 1135 1583 1173 1399 1613 1132 BCNSPRNW ULIB Ver.6.0+V

เปลี่ยนเป็นภาษาไทย

Change to English
 แสดงรายละเอียดบรรณานุกรม
  กลับหน้าหลัก

Brief Record : Get Marc (ISO 2709) : E-mail record : QR code < ปิดหน้าต่าง
LEADER : 00000nam 2200000uu 4500
001    13399127742
003     ULIB
008    210518s2557||||th 000 0 tha d
020    ู^a9786163690159
050    ^aนว^bซ119ม^cล.2
100    ^aซ็อลบง
245    ^aมหากาพย์เทพมรณะ เล่ม 2
250    ^aพิมพ์ครั้งที่ 1
260    ^aกรุงเทพฯ :^bสยามอินเตอร์บุ๊คส์,^c2557
300    ^a208 หน้า;^b21 ซม.
650    ^aนวนิยาย
945    ^p200^l0^i008053
999    ^aประนอม เกษจรัล
รายการนี้ยังไม่มีแท็ก
คุณยังไม่ได้ล็อกอิน คุณสามารถมีกิจกรรมร่วมกับเว็บไซต์ได้ แต่ต้องล็อกอินก่อน ::
  ล็อกอิน

รายการสื่อสารสนเทศ

ลำดับที่ ประเภท เลขเรียก/บาร์โค้ด สถานที่ สถานะ
1. นวนิยาย
นวนิยาย
นว ซ119ม ล.2 ฉ.1 
  Barcode: 008053
ห้องสมุดวิทยาเขตนครสวรรค์
►นวนิยาย:l:Fiction
บนชั้น
Note:บริจาค

รายการใกล้เคียง
    ผู้แต่ง [ซ็อลบง]

    หัวเรื่อง [นวนิยาย]

BibComment


ยังไม่เคยถูกคอมเมนท์

คอมเมนท์ทรัพยากรรายการนี้
  คอมเมนท์: มหากาพย์เทพมรณะ ..


 Copyright 2026. Bcnsprnw @Library